000 00932nam a22003137a 4500
001 BR7703530
003 BR-BrBNA
005 20230928085330.0
007 ta
008 230509b bl.||||| |||| 00| 0 por d
040 _aBR-BrBNA
_bpor
_cBiblioteca Nacional de Agricultura
041 _a(Por)
072 _aE30
_b/G514
090 _ E30 BR7703530
110 1 _aCompanhia de Desenvolvimento do Vale do Sao Francisco, Rio de Janeiro, RJ (Brasil)
_92364
245 1 _aPlano de Desenvolvimento Integrado do Vale do Sao Francisco v. 1: Recursos. Setembro 1974 [Brasil]
260 3 _aRio de Janeiro, RJ (Brasil):
_c1977.
300 _a165 p.
500 _a8 illus.; 74 tables
650 _aPolitica de desenvolvimento
650 _aSolo
650 _aClima
650 _aAgua
650 _aVegetacao
650 _aDemografia
650 _aVale do Sao Francisco
909 _a202309
_bLucia
_c55
_dLucia Elande
942 _cBK
999 _c23888
_d23888